LEADER 01362nam a2200301 u 4500 001 000000106493 003 CaOOAMICUS 005 20070828120759.0 008 070828s2007 it u000 u ita u 020 $z978-88-598-0130-6* 040 $aPUL$bita$dLDB 100 1 $aAjani, Gianmaria.$0(OLS)http://pul/name/32501 245 10$aDiritto dell'Asia orientale /$cGianmaria Ajani, Andrea Serafino, Marina Timoteo ; con la collaborazione di Chen Han, Andrea Ortolani, Piercarlo Rossi. 260 $aTorino :$bUTET,$cc2007. 300 $axxii, 477 p. ;$c24 cm 490 1 $aTrattato di diritto comparato 504 $aBibliografia in nota. 650 4$aDiritto comparato.$0(OLS)http://pul/subject/489 650 4$aDiritto$zEstremo Oriente.$0(OLS)http://pul/subject/33495 700 1 $aTimoteo, Marina.$0(OLS)http://pul/name/65395 700 1 $aSerafino, Andrea.$0(OLS)http://pul/name/65394 830 0$aTrattato di diritto comparato.$0(OLS)http://pul/title/54501 850 $aPUL 852 $aPUL$W1$xSL Diritto e Scienze Sociali 3$y79$m300 A 51.6$j120294$qDDC 21$B119630$CPULBib$Z2$F119630 $H104736 $82 941 1 $a9 996 $6020$z978-88-598-0130-6*$9(OLS)http://pul/number/135295 996 $6245$aDiritto dell'Asia orientale$9(OLS)http://pul/title/134113 996 $6260$aTorino :$bUTET$9(OLS)http://pul/publisher/48088 LEADER 01520nam a2200397 u 4500 001 000000056426 003 CaOOAMICUS 005 20150910143450.0 008 010406s1985 it u000 u ita u 020 $a8826304297 035 $a10871475 040 $aPUL(R)$bita 100 1 $aCongar, Yves,$ccardinale,$d1904-1995.$0(OLS)http://pul/name/368 245 13$aLa parola e il soffio /$cYves Congar. 260 $aRoma :$bBorla,$c1985. 300 $a166 p.$c21 cm 490 1 $aKyrios 490 1 $aCollana di "Cristologia" 504 $aBibliografia in nota. 650 4$aSpiritus Sanctus.$0(OLS)http://pul/subject/903 650 4$aCristologia.$0(OLS)http://pul/subject/1402 830 0$aCollana di "Cristologia".$0(OLS)http://pul/title/38330 830 0$aKyrios.$0(OLS)http://pul/title/44335 850 $aPUL 852 $aPUL$W1$xSL Religione 1$y3$m65 I 49$j74010$nBK-PRI$b $qStampati$B74010$CPULBib$Z2$F74010 $H $81 852 $aPUL$W1$xDP1 Fondo S. Lanza$y121$m3 M 29$j168377$qFondi$B168979$CPULBib$Z2$F168979 $HLAN1584 $82 941 1 $a8 941 1 $a1 960 $aSpirito Santo$9903 960 $aIesus Christus$91402 960 $aIesus Christus$91402 961 $aINV: 79252 961 $aNota ms. di possesso: Sergio Lanza 996 $6020$a8826304297$9(OLS)http://pul/number/71146 996 $6245$aLa parola e il soffio$9(OLS)http://pul/title/75472 996 $6260$aRoma :$bBorla$9(OLS)http://pul/publisher/48061